skbl

Dr Suryya Kumar Bhuyan Library Web-OPAC
ডঃ সূৰ্য্য
কুমাৰ ভূঞা পুথিভঁৰাল ৱেব-অ'পেক

All Research Scholars are advised to clear the annual library fees to continue using Library Resources, Remote Access, Plagiarism Test and Library Clearance.

Cotton University Book Fair 2026

Organic Chemistry / (Record no. 23236)

MARC details
000 -LEADER
fixed length control field 00654nam a2200229Ia 4500
001 - CONTROL NUMBER
control field 23254
008 - FIXED-LENGTH DATA ELEMENTS--GENERAL INFORMATION
fixed length control field 220322s1992 ii g b000 u 465 u
020 ## - INTERNATIONAL STANDARD BOOK NUMBER
International Standard Book Number 81-7808-701-4
082 ## - DEWEY DECIMAL CLASSIFICATION NUMBER
Classification number 547
100 ## - MAIN ENTRY--PERSONAL NAME
Personal name Morrison, Robert Thornton .
245 #0 - TITLE STATEMENT
Title Organic Chemistry /
Statement of responsibility, etc. Robert Thornton Morrison & Robert Neilson Boyd.
Medium Textual Documents
250 ## - EDITION STATEMENT
Edition statement 6th ed. /
260 ## - PUBLICATION, DISTRIBUTION, ETC.
Place of publication, distribution, etc. Delhi :
Name of publisher, distributor, etc. Pearson Education Pte. Ltd. ,
Date of publication, distribution, etc. C1992.
300 ## - PHYSICAL DESCRIPTION
Extent xxii,1325p. ;
Dimensions 23cm.
504 ## - BIBLIOGRAPHY, ETC. NOTE
Bibliography, etc. note Index
653 ## - INDEX TERM--UNCONTROLLED
Uncontrolled term Chemistry
653 ## - INDEX TERM--UNCONTROLLED
Uncontrolled term Organic Chemistry
653 ## - INDEX TERM--UNCONTROLLED
Uncontrolled term G-Chemistry
653 ## - INDEX TERM--UNCONTROLLED
Uncontrolled term Dept-Chemistry
700 ## - ADDED ENTRY--PERSONAL NAME
Personal name Boyd, Robert Neilson .
942 ## - ADDED ENTRY ELEMENTS (KOHA)
Source of classification or shelving scheme Dewey Decimal Classification
Koha item type Books
Holdings
Withdrawn status Lost status Damaged status Not for loan Home library Current library Shelving location Date acquired Coded location qualifier Total checkouts Full call number Barcode Date last seen Copy number Price effective from Koha item type Collection Date last checked out
        Dr. Suryya Kumar Bhuyan Library Dr. Suryya Kumar Bhuyan Library   01/02/2012 00000   547 Mo 834 Or 6402/gift 14/01/2024 3 01/02/2012 Books    
        Dr. Suryya Kumar Bhuyan Library Dr. Suryya Kumar Bhuyan Library   01/02/2012 00000 2 547 Mo 834 Or 630/Che 24/03/2026 1 01/02/2012 Books   12/03/2026
        Dr. Suryya Kumar Bhuyan Library Dr. Suryya Kumar Bhuyan Library   01/02/2012 00000   547 Mo 834 Or 631/Che 14/01/2024 2 01/02/2012 Books    

Designed and Maintained by Team SKBL
©1901-2026

Powered by Koha